| 000 | 00982nam a22002771 4500 | ||
|---|---|---|---|
| 001 | 16542 | ||
| 003 | BD-RjUL | ||
| 005 | 20211209000025.0 | ||
| 008 | 140213r19671966nyuabe 001 0 eng d | ||
| 035 | _a(BD-RjUL)16597 | ||
| 035 | _a(OCoLC)265140 | ||
| 040 |
_aDLC _cODaWU _dOCoLC _dDLC _dBD-RjUL _beng |
||
| 041 | _aeng | ||
| 082 | 0 | 0 |
_a711.09438 _bCIT 1967 |
| 245 | 1 | 0 |
_aCity and regional planning in Poland / _cedited by Jack C. Fisher. |
| 260 |
_aIthaca, N.Y. : _bCornell University Press, _cc1966 [reprinted 1967] |
||
| 300 |
_axxvi, 491 p. : _billus., maps (part fold.) plans. _c24 cm. |
||
| 490 | 1 | _aCornell publications in comparative planning of the Division of Urban Studies of the Center for Housing and Environmental Studies | |
| 504 | _aIncludes index. | ||
| 650 | 0 |
_aCity planning _zPoland. _951123 |
|
| 650 | 0 |
_aRegional planning _zPoland. _951124 |
|
| 700 | 1 |
_aFisher, Jack C., _d1937- _951125 |
|
| 942 |
_2ddc _cBK |
||
| 999 |
_c16542 _d16542 |
||